000 00621nam a2200229 i 4500
001 C2-0221867
003 PPAK
005 20180728151248.0
008 991124s1964 my |||| ||||| | may d
040 _aPPAK
_beng
_cPPAK
_erda
082 0 4 _a297
_223
090 0 0 _a297
_bSEJ
_dKWI
245 0 0 _aSejarah Islam buku 1
264 1 _aKuala Lumpur :
_bDewan Bahasa dan Pustaka ,
_c1964
300 _a284 pages ;
_c18 cm
336 _2rdacontent
_atext
337 _2rdamedia
_aunmediated
338 _2rdacarrier
_avolume
650 1 0 _aIslam - History
700 0 _aKhairuddin Haji Muhammad,
_ecompile
942 _ddc
_cB
999 _c143365
_d143365